1487 1370 1242 1023 1879 1914 1535 1686 1799 1487 1009 1834 1118 1230 1974 1156 1399 1917 1034 1832 1650 1862 1113 1176 1186 1265 1149 1085 1533 1082 1000 1967 1766 1040 1824 1714 1619 1659 1122 1644 1498 1504 1006 1916 1906 1045 1236 1306 1896 1802 1219 1193 1091 1569 1688 1523 1121 1833 1616 1667 1746 1428 1725 1984 1080 1341 1301 1136 1387 1606 1918 1260 1154 1166 1841 1291 1547 1568 1453 1893 1336 1832 1769 1028 1674 1230 1763 1630 1583 1687 1631 1009 1698 1449 1129 1684 1576 1102 1484 BCNSPRNW ULIB Ver.6.0+V

เปลี่ยนเป็นภาษาไทย

Change to English
 แสดงรายละเอียดบรรณานุกรม
  กลับหน้าหลัก

Brief Record : Get Marc (ISO 2709) : E-mail record : QR code < ปิดหน้าต่าง
LEADER : 00000nam 2200000uu 4500
001    13399113230
003     ULIB
008    111003s2543||||th 000 0 tha d
020    9746400134
050 04 QD415^bอ633ช 2543
100 0  อาภัสสรา ชมิดท์
245 10 ชีวเคมี /^cอาภัสสรา ชมิดท์
250    พิมพ์ครั้งที่ 3
260    กรุงเทพฯ :^bเค.ยู.เพลส์,^c2543
300    596 หน้า :^bภาพประกอบ
650  4 ชีวเคมี
945    ^p250^l0^i006152
995    ทศพร
999 ^a ทศพร
รายการนี้ยังไม่มีแท็ก
คุณยังไม่ได้ล็อกอิน คุณสามารถมีกิจกรรมร่วมกับเว็บไซต์ได้ แต่ต้องล็อกอินก่อน ::
  ล็อกอิน

รายการสื่อสารสนเทศ

ลำดับที่ ประเภท เลขเรียก/บาร์โค้ด สถานที่ สถานะ
- ไม่พบข้อมูล -

รายการใกล้เคียง
    หัวเรื่อง [ชีวเคมี]

BibComment


ยังไม่เคยถูกคอมเมนท์

คอมเมนท์ทรัพยากรรายการนี้
  คอมเมนท์: ชีวเคมี อาภัสสรา..


 Copyright 2026. Bcnsprnw @Library